1771 1034 1144 1887 1813 1299 1229 1553 1031 1036 1462 1374 1569 1772 1661 1926 1332 1906 1193 1160 1066 1868 1934 1191 1627 1488 1203 1044 1845 1407 1029 1937 1292 1838 1635 1490 1456 1998 1778 1355 1417 1493 1707 1392 1352 1056 1132 1743 1836 1909 1579 1172 1756 1425 1360 1938 1624 1398 1968 1882 1590 1702 1932 1146 1025 1238 1453 1639 1581 1743 1845 1718 1110 1800 1906 1398 1619 1218 1544 1319 1419 1173 1968 1081 1876 1489 1504 1189 1322 1693 1670 1723 1189 1841 1305 1302 1716 1596 1287 BCNSPRNW ULIB Ver.6.0+V

เปลี่ยนเป็นภาษาไทย

Change to English
 แสดงรายละเอียดบรรณานุกรม
  กลับหน้าหลัก

Brief Record : Get Marc (ISO 2709) : E-mail record : QR code < ปิดหน้าต่าง
LEADER : 00000nam 2200000uu 4500
001    13399120170
003     ULIB
008    120905s2538||||th 000 0 tha d
020    ^a9747761408
060  4 ^aWA670^bป224ป
100    ^aประกาย จิโรจน์กุล
245    ^aปัญหาสิ่งแวดล้อมที่มีผลต่อสุขภาพ/^cโดย ประกาย จิโรจน์กุล
260    ^aกรุงเทพฯ:^bโครงการสวัสดิการวิชาการ สพค,^c2538.
300    ^a108 หน้า
650    ^aสุขภาพ
650  0 ^aสิ่งแวดล้อม
945    ^p90^l0^i032806
945    ^p90^l0^i032807
945    ^p90^l0^i032808
995    ^aทศพร
999    ^aทศพร
รายการนี้ยังไม่มีแท็ก
คุณยังไม่ได้ล็อกอิน คุณสามารถมีกิจกรรมร่วมกับเว็บไซต์ได้ แต่ต้องล็อกอินก่อน ::
  ล็อกอิน

รายการสื่อสารสนเทศ

ลำดับที่ ประเภท เลขเรียก/บาร์โค้ด สถานที่ สถานะ
- ไม่พบข้อมูล -

รายการใกล้เคียง
    ผู้แต่ง [ประกาย จิโรจน์กุล]

    หัวเรื่อง [สุขภาพ]
    หัวเรื่อง [สิ่งแวดล้อม]

BibComment


ยังไม่เคยถูกคอมเมนท์

คอมเมนท์ทรัพยากรรายการนี้
  คอมเมนท์: ปัญหาสิ่งแวดล้อม..


 Copyright 2026. Bcnsprnw @Library